000 00517nam a2200145 i 4500
001 30475
003 ES-MaACL
007 t|
008 030124s1962 sp ||||1| spa d
100 1 _aBayerri y Bertomeu, Enrique.
_926659
245 1 4 _aLos códices medievales de la Catedral de Tortosa
_b: novísmo inventario descriptivo /
_cEnrique Bayerry y Bertomeu.
260 _aBarcelona :
_b[s.n.,
_c1962] (
_eTortosa :
_fGráf. Algueró y Baiges)
300 _a699 p., lam. ;
_c26 cm.
852 _aES-MaACL
_jG-3880
_bR.50793
999 _c30475
_d30475